Statistiques concernant Vainqueurs de la Coupe Memorial (LCH)

Cliquez ici pour prendre le quiz!

Statistiques générales

  • Ce quiz a été pris 19 fois
  • Le résultat moyen est 6 sur 15

Statistiques - réponses

QuestionRéponse% Correct
Édition 2019Huskies de Rouyn-Noranda
88%
Édition 2016Knights de London
63%
Édition 2013Mooseheads de Halifax
56%
Édition 2018Titan d'Acadie-Bathurst
56%
Édition 2017Spitfires de Windsor
50%
Édition 2012Cataractes de Shawinigan
44%
Édition 2008Chiefs de Spokane
38%
Édition 2006Remparts de Québec
38%
Édition 2011Sea Dogs de Saint-Jean
38%
Édition 2009Spitfires de Windsor
38%
Édition 2015Generals d'Oshawa
31%
Édition 2005Knights de London
31%
Édition 2007Giants de Vancouver
25%
Édition 2014Oil Kings d'Edmonton
25%
Édition 2010Spitfires de Windsor
25%

Distribution des résultats

Percentile par nombre de réponses

% des personnes avec chaque résultat

Votre développement - résultats

Vous n’avez pas pris ce quiz